Gaming Quiz

Random Gaming or Pokémon Quiz

Dark Type Pokemon (Gen 1-7) Quiz Stats

Quiz not verified by Sporcle

Challenge
Share
Tweet
Embed
Score 0/54 Timer 10:00
0 Plays Today
Dex # Pokemon % Correct
019Alolan Rattata
96.1%
020Alolan Raticate
94.1%
052Alolan Meowth
92.2%
053Alolan Persian
92.2%
197Umbreon
92.2%
198Murkrow
92.2%
215Sneasel
92.2%
228Houndour
92.2%
229Houndoom
92.2%
319Sharpedo
92.2%
318Carvanha
90.2%
461Weavile
90.2%
491Darkrai
90.2%
248Tyranitar
88.2%
261Poochyena
88.2%
262Mightyena
88.2%
302Sableye
88.2%
088Alolan Grimer
86.3%
089Alolan Muk
86.3%
130Mega Gyarados
86.3%
275Shiftry
86.3%
430Honchkrow
86.3%
274Nuzleaf
84.3%
359Absol
84.3%
442Spiritomb
84.3%
560Scrafty
84.3%
332Cacturne
82.4%
Dex # Pokemon % Correct
559Scraggy
82.4%
633Deino
80.4%
727Incineroar
80.4%
634Zweilous
78.4%
635Hydreigon
78.4%
720Hoopa Unbound
78.4%
799Guzzlord
78.4%
342Crawdaunt
76.5%
551Sandile
76.5%
552Krokorok
76.5%
553Krookodile
76.5%
624Pawniard
76.5%
625Bisharp
76.5%
435Skuntank
74.5%
658Greninja
74.5%
717Yveltal
74.5%
434Stunky
72.5%
509Purrloin
72.5%
510Liepard
72.5%
629Vullaby
72.5%
630Mandibuzz
72.5%
686Inkay
72.5%
687Malamar
72.5%
452Drapion
70.6%
675Pangoro
70.6%
570Zorua
68.6%
571Zoroark
68.6%

You're not logged in!

Compare scores with friends on all Sporcle quizzes.
Sign Up with Email
OR
Log In

You Might Also Like...

Show Comments

Extras

Top Quizzes Today


Score Distribution

Your Account Isn't Verified!

In order to create a playlist on Sporcle, you need to verify the email address you used during registration. Go to your Sporcle Settings to finish the process.